| 000 | 00985nam a22003017a 4500 | ||
|---|---|---|---|
| 001 | 7856 | ||
| 003 | FISKH | ||
| 005 | 20250812100819.0 | ||
| 008 | 250812b cb ||||| |||| 00| 0 eng d | ||
| 020 | _a9780516228839 | ||
| 040 |
_aFISKH _beng _cFISKH _dFISKH |
||
| 050 | _aPZ7.N295 S | ||
| 082 | _a468 | ||
| 100 | _aJ.Neasi, Barbara | ||
| 245 |
_aSo many me's / _cWritten by Barbara J.Neasi ; Illustrated by Ana Ochoa |
||
| 250 | _aThis edition first published in 2003 | ||
| 260 |
_aCanada : _bScholastic, _c2003 |
||
| 300 |
_a31 pages : _bcolor illustrations ; _c19 cm |
||
| 505 | _aG | ||
| 520 | _aA girl contemplates the many different roles she plays in her family and community, including daughter, granddaughter, sister, cousin, student, patient, and friend. | ||
| 521 | 8 |
_a350
_bLexile |
|
| 521 | 8 |
_aG
_bRaz-Plus |
|
| 650 |
_2Family _aIdentity |
||
| 650 |
_2Reader _aVocabulary |
||
| 700 |
_aOchoa, Ana _dillustrator |
||
| 942 |
_2ddc _cBK _n0 |
||
| 999 |
_c7856 _d7856 |
||